| 000 | 00597cam a2200133 4500500 | ||
|---|---|---|---|
| 005 | 20260111091205.0 | ||
| 041 | _afre | ||
| 042 | _adc | ||
| 245 | 0 | 0 | _aLegrand Y., Découvrir l’amour. L’accompagnement vers le Baptême, coll. Cahiers de l’École cathédrale 56, Paris, Parole et Silence, 2002, 21x14, 114 p., 12.50 €. ISBN 2-84573-158-2 |
| 260 | _c2005. | ||
| 500 | _a7 | ||
| 786 | 0 | _nNouvelle revue théologique | 127 | 1 | 2005-01-03 | p. 156n-165n | 0029-4845 | |
| 856 | 4 | 1 | _uhttps://shs.cairn.info/revue-nouvelle-revue-theologique-2005-1-page-156n?lang=fr&redirect-ssocas=7080 |
| 999 |
_c1620530 _d1620530 |
||